000 00250nam a2200109Ia 4500
008 230312s9999||||xx |||||||||||||| ||und||
082 _a759.951
_bQUN-M
100 _aQunze:arne
245 0 _aModern Contemporary
650 _aArchitecture
942 _cBK
999 _c14533
_d14533